Most Popular NCS Songs On Each Letter - Statistics

General Stats
  • This quiz has been taken 8 times
  • The average score is 14 of 22
Answer Stats
Letter Creator Song Views % Correct
K Disfigure Blank 258M
80%
D Syn Cole Feel Good 138M
80%
H Elektronomia Sky High 265M
80%
L Unknown Brain, Rival, Jex Control 74M
60%
G Diamond Eyes Everything 52M
60%
Z Sub.Sound Feel The Buzz 6,6M
60%
R Vanze, Brenton Mattheus Forever 47M
60%
W Dirty Palm, Lex Blaze Freakshow 37M
60%
T Janji, Johnning Heroes Tonight 357M
60%
E DEAF KEV Invincible 284M
60%
P Robin Hustin, Tobi Morrow, Jex Light It Up 121M
60%
S Warriyo, Laura Brehm Mortals 294M
60%
A Different Heaven Nekozilla 91M
60%
N Cartoon, Jeja, Daniel Levi On & On 536M
60%
X Netrum, Halvorsen Phoenix 11M
60%
Y Egzod, Maestro Chives, Neoni Royalty 85M
60%
O Unknown Brain, Chris Linton Superhero 140M
60%
M Electro-Light Symbolism 223M
60%
F Uplink, NK To Myself 16M
60%
I Unknown Brain, Bri Tolani Why Do I 70M
60%
U Axol, Alex Skrindo You 49M
60%
C Jordan Schor, Nathan Brumley Cosmic 5,7M
40%
No matching quizzes found
Score Distribution
Percent of People with Each Score
Percentile by Number Answered
Your Score History
You have not taken this quiz